|
|
|
|
| LEADER |
00000cam a2200000 7i4500 |
| 001 |
0000016530 |
| 005 |
20080425.0 |
| 008 |
250408 |
| 020 |
|
|
|a 9837202912
|
| 090 |
0 |
0 |
|a 413
|b JOH
|
| 100 |
1 |
|
|a Johnson, M.D. R.A.
|
| 245 |
1 |
0 |
|a Dictionary of Medical terms
|c By R.A.Johnson, M.D.
|
| 260 |
|
|
|a Kuala Lumpur :
|b Golden Books Centre Sdn.Bhd ,
|c 1996
|
| 650 |
|
0 |
|a Medical terms
|x Dictionaries
|
| 999 |
|
|
|a 0000926358
|b Book
|c REFERENCE
|e Cawangan Bukit Gambir
|
| 999 |
|
|
|a 0000926359
|b Book
|c REFERENCE
|e Cawangan Bukit Gambir
|
| 999 |
|
|
|a 0000935954
|b Book
|c REFERENCE
|e Cawangan Tangkak
|
| 999 |
|
|
|a 0000935955
|b Book
|c REFERENCE
|e Cawangan Tangkak
|
| 999 |
|
|
|a 0001015224
|b Book
|c REFERENCE
|e Perbadanan Perpustakaan Awam Johor
|
| 999 |
|
|
|a 0001015225
|b Book
|c REFERENCE
|e Perbadanan Perpustakaan Awam Johor
|
| 999 |
|
|
|a 0001015226
|b Book
|c REFERENCE
|e Perbadanan Perpustakaan Awam Johor
|